000 00289nam a22001337a 4500
008 170220b xxu||||| |||| 00| 0 eng d
020 _a9781416003076
041 _aeng
080 _25ED
_a65
100 _a4
101 _aSHM
245 _aPHYSICAL DIAGNOSIS
_cM.H SWARTZ
942 _2udc
_cBK
999 _c5849
_d5849